00314nam a2200109Ia 4500008004100000020001800041040002900059050002400088100002100112245002600133260004500159221021s9999||||xx |||||||||||||| ||und|| a0-8442-s775-3 cChuka University Library aPN 3175b .M63 1996 aMobley Jonniepal 0aPlay production today aBoston bNational Textbook Companyc1996